| 000 | 00933nac a22002775a 4500 | ||
|---|---|---|---|
| 008 | 100906t2003 n a||||r|||| 001 0 eng d | ||
| 010 | _a2002035451 | ||
| 020 | _a013038478X | ||
| 020 | _a9780130384782 | ||
| 040 |
_aEG-ScBUE _beng _cEG-ScBUE |
||
| 082 | 0 | 4 |
_a005.133 _bDEI _222 |
| 100 | 1 |
_aDeitel, Harvey M., _918306 |
|
| 245 | 1 | 0 |
_aC++ in the lab : _blab manual to accompany C++ how to program / _cH.M. Deitel, P. J. Deitel, T. R. Nieto. |
| 250 | _a4th ed. | ||
| 260 |
_aUpper Saddle River, New Jersey : _bPrentice-Hall, Inc., _cc.2003. |
||
| 300 |
_axx, 599 p. ; _bill. ; _c28 cm. |
||
| 500 | _aIndex : p. 595-599. | ||
| 590 | _aDoha Reviewed by: Wessam | ||
| 650 | 0 |
_aC++ (Computer program language) _918307 _2BUEsh |
|
| 651 | _2BUEsh | ||
| 653 | _cAugust2015 | ||
| 700 | 1 |
_aDeitel, Paul J. _918308 |
|
| 700 | 1 |
_aNieto, T. R. _918309 |
|
| 700 | 1 |
_aDeitel, Harvey M, _d1945-. _918310 |
|
| 942 |
_cBB _k005.133 DEI _2ddc |
||
| 999 |
_c492 _d492 |
||